000 00759nam a22001937a 4500
999 _c371759
_d371759
008 201127b ||||| |||| 00| 0 eng d
040 _aDE-2950
_bger
_cDE-2950
_erda
041 _ager
245 _aWirtschaft hat Erwartungen an neue Viadrina-Spitze.
_bBewerbungen. Die Europa-Universität bekommt eine neue Präsidentin oder einen neuen Präsidenten. Erste Anhörungen finden heute statt/
_cHeinz Kannenberg
264 _c2022
653 _aFrankfurt (Oder)
653 _aViadrina
653 _aneue Spitze
773 _dFrankfurt (Oder) Märkisches Verlags- und Druckhaus GmbH & Co KG
_tMärkische Oderzeitung
_g33. Jahrgang (2022) Nr. 168 vom 21.07.2022, S. 15
942 _cA